[Event "Mecklenburg VP LL2 Ost 1718"]
[Site "Mecklenburg VP"]
[Date "2018.01.21"]
[Round "5.5"]
[White "Jaster, Steven"]
[Black "Sparr, Andreas"]
[Result "0-1"]
[WhiteElo "1398"]
[BlackElo "1595"]
[PlyCount "80"]
[EventDate "2017.10.08"]
[EventType "team-tourn"]
[EventRounds "9"]
[EventCountry "GER"]
[SourceTitle "EXT 2022"]
[Source "ChessBase"]
[SourceDate "2021.10.06"]
[SourceVersion "1"]
[SourceVersionDate "2021.10.06"]
[SourceQuality "1"]
[WhiteTeam "Guestrow/Teterow II"]
[BlackTeam "Stralsund FHSG II"]
[WhiteTeamCountry "GER"]
[BlackTeamCountry "GER"]

1. e4 c5 2. Nf3 Nc6 3. d4 cxd4 4. Nxd4 e6 5. Nc3 a6 6. Be2 Bb4 7. 0-0 Nge7 8. Be3 Ng6 9. f4 0-0 10. Bf3 Qc7 11. f5 Nge5 12. Nxc6 Nxf3+ 13. Qxf3 Qxc6 14. Bd4 Bc5 15. Bxc5 Qxc5+ 16. Kh1 Qc7 17. fxe6 dxe6 18. Qf4 Qxf4 19. Rxf4 Bd7 20. Rd1 Rad8 21. e5 Bc6 22. Rfd4 Rxd4 23. Rxd4 Rc8 24. a3 Kf8 25. Kg1 Ke7 26. Kf2 Rc7 27. g3 Bd5 28. Nxd5+ exd5 29. Rd2 Ke6 30. Re2 Rc4 31. b3 Re4 32. Rxe4 dxe4 33. Ke3 Kxe5 34. c3 g5 35. c4 f5 36. b4 h5 37. a4 f4+ 38. gxf4+ gxf4+ 39. Ke2 Kd4 40. c5 Kc4 0-1

[Event "Mecklenburg VP-ch U18"]
[Site "Malchow"]
[Date "2015.02.??"]
[Round "7.4"]
[White "Jaster, Steven"]
[Black "Hung, Doan Manh"]
[Result "0-1"]
[WhiteElo "1229"]
[BlackElo "1148"]
[PlyCount "30"]
[EventDate "2015.02.04"]
[EventType "swiss"]
[EventRounds "7"]
[EventCountry "GER"]
[SourceTitle "EXT 2022"]
[Source "ChessBase"]
[SourceDate "2021.10.06"]
[SourceVersion "1"]
[SourceVersionDate "2021.10.06"]
[SourceQuality "1"]

1. e4 e5 2. Nf3 Nc6 3. d4 exd4 4. Nxd4 Nf6 5. Nxc6 bxc6 6. Bg5 Be7 7. Nc3 Nxe4 8. Nxe4 Bxg5 9. Nxg5 Qxg5 10. Qe2+ Kd8 11. Qf3 Re8+ 12. Be2 Ba6 13. 0-0 Bxe2 14. Qxf7 Bxf1 15. Kxf1 Qd2 0-1

[Event "Mecklenburg VP-ch U14"]
[Site "Malchow"]
[Date "2014.02.04"]
[Round "6"]
[White "Engel, Philipp"]
[Black "Jaster, Steven"]
[Result "1-0"]
[WhiteElo "1197"]
[BlackElo "1281"]
[PlyCount "77"]
[EventDate "2014.02.01"]
[EventType "swiss"]
[EventRounds "7"]
[EventCountry "GER"]
[SourceTitle "EXT 2017"]
[Source "ChessBase"]
[SourceDate "2016.10.25"]
[SourceVersion "1"]
[SourceVersionDate "2016.10.25"]
[SourceQuality "1"]

1. d4 Nf6 2. Nf3 d5 3. Bf4 e6 4. e3 c6 5. c4 Nbd7 6. Nc3 Be7 7. Bd3 0-0 8. 0-0 Re8 9. h3 h6 10. Re1 b6 11. Rb1 Bb7 12. b4 Rc8 13. c5 b5 14. a4 a6 15. a5 Rf8 16. Bc2 Nh5 17. Qd3 f5 18. Bh2 Qe8 19. g4 Nhf6 20. gxf5 Qh5 21. Kh1 exf5 22. Qxf5 Qxf5 23. Bxf5 Rcd8 24. Rg1 Ne4 25. Be6+ Kh8 26. Nxe4 dxe4 27. Ne5 Nxe5 28. Bxe5 Bg5 29. Rg2 Bc8 30. Bxc8 Rxc8 31. Rbg1 Rf7 32. Rg4 Rcf8 33. h4 Bf6 34. Rxe4 Bxe5 35. dxe5 Rxf2 36. e6 R8f3 37. Rg2 Rxg2 38. Kxg2 Rf8 39. Rd4 1-0